Más iguales que diferentes [ (Record no. 99030)
[ view plain ]
| 000 -LEADER | |
|---|---|
| campo de control de longitud fija | 01253nmm a2200253 i 4500 |
| 001 - NÚMERO DE CONTROL | |
| campo de control | 99030 |
| 003 - IDENTIFICADOR DE NÚMERO DE CONTROL | |
| campo de control | ES-MaACL |
| 007 - CAMPO FIJO DE DESCRIPCIÓN FÍSICA--INFORMACIÓN GENERAL | |
| campo de control de longitud fija | t| |
| 008 - DATOS DE LONGITUD FIJA--INFORMACIÓN GENERAL | |
| campo de control de longitud fija | 051108s2003 sp ||||1| spa d |
| 022 ## - NÚMERO INTERNACIONAL NORMALIZADO PARA PUBLICACIONES SERIADAS | |
| Número Internacional Normalizado para Publicaciones Seriadas | 0210-0630 |
| 080 ## - NÚMERO DE LA CLASIFICACIÓN DECIMAL UNIVERSAL | |
| Número de la Clasificación Decimal Universal | 37.03:371.214 |
| 245 00 - MENCIÓN DEL TÍTULO | |
| Título | Más iguales que diferentes [ |
| Medio | Recurso electrónico]. |
| 260 ## - PUBLICACIÓN, DISTRIBUCIÓN, ETC. | |
| Lugar de publicación, distribución, etc. | San Sebastián : |
| Nombre del editor, distribuidor, etc. | CissPraxis, |
| Fecha de publicación, distribución, etc. | [2003] |
| 300 ## - DESCRIPCIÓN FÍSICA | |
| Extensión | 1 disco compacto (CD-ROM) ; |
| Dimensiones | 12 cm. |
| 490 1# - MENCIÓN DE SERIE | |
| Mención de serie | Cuadernos de pedagogía (CD-ROM) |
| 500 ## - NOTA GENERAL | |
| Nota general | Características del sistema: Windows 9x/NT, Internet Explorer 5.5 o superior, procesador Pentium, memoria RAM 64 Mb, resolución y configuración de pantalla, 800x600 a 256 colores. |
| 500 ## - NOTA GENERAL | |
| Nota general | Las unidades de este CD-ROM trabajan los derechos básicos, la diversidad o los estereotipos y prejuicios racistas, atendiendo las diversas áreas curriculares de todos los niveles educativos, con el objetivo de desarrollar los aspectos cognitivos, socioafectivos y cooperativos del alumno. |
| 500 ## - NOTA GENERAL | |
| Nota general | Distribuido con la revista Cuadernos de Pedagogía en diciembre de 2004. |
| 650 17 - PUNTO DE ACCESO ADICIONAL DE MATERIA--TÉRMINO DE MATERIA | |
| Término de materia o nombre geográfico como elemento de entrada | Educación en valores |
| Fuente del encabezamiento o término | embne |
| 9 (RLIN) | 12101 |
| 830 0# - PUNTO DE ACCESO ADICIONAL DE SERIE-TÍTULO UNIFORME | |
| Título uniforme | Cuadernos de pedagogía (CD-ROM) |
| 9 (RLIN) | 183997 |
| 852 ## - LOCALIZACIÓN | |
| Ubicación | ES-MaACL |
| Número de control de estantería | ROT 1/6/40 |
| 942 ## - ELEMENTOS DE ENTRADA SECUNDARIOS (KOHA) | |
| Fuente del sistema de clasificación o colocación | Clasificación decimal universal |
| Estatus retirado | Estado de pérdida | Estado de daño | No para préstamo | Biblioteca de origen | Biblioteca actual | Ubicación en estantería | Fecha de adquisición | Fuente de adquisición | Total de préstamos | Signatura topográfica completa | Código de barras | Visto por última vez | Precio de reemplazo | Tipo de ítem Koha |
|---|---|---|---|---|---|---|---|---|---|---|---|---|---|---|
| Biblioteca del Ateneo de Madrid | Biblioteca del Ateneo de Madrid | Depósito | 17/01/2008 | ROT 1/6/40 | 1103391 | 23/02/2023 | 23/02/2023 | Archivo de ordenador en CD-ROM, CD o disquete |
